[Event "Stay Safe Play From Home 296"]
[Site "Emanuel Lasker Arena"]
[Date "2020.07.12"]
[Round "8"]
[White "Chase the sun"]
[Black "Physikus"]
[Result "0-1"]
[WhiteElo "1834"]
[BlackElo "2074"]
[Annotator "TA"]
[PlyCount "64"]
[EventDate "2020.07.12"]
[EventType "swiss (blitz)"]

{[%evp 9,64,18,25,-20,-28,-30,-28,-24,-10,-30,19,-35,346,26,475,19,6,-182,-173,-180,-4,-157,122,-129,-113,-124,-118,-258,-250,-364,-351,-346,-366,-348,-342,-330,-325,-885,-883,-875,-865,-1313,-1313,-1287,-1280,-1256,-1212,-1148,-881,-1887,-1381,-29985,-29986,-29986,-29987,-29997,-29998]} 1. e4 d5 2. exd5 Qxd5 3. Nc3 Qd8 4. Bc4 g6 5. d3 Bg7 6. f4 {B01: Scandinavian Defence.} Nf6 7. Nf3 O-O {[#]} 8. O-O $146 {Black has an edge.} ({Predecessor:} 8. Be3 Nc6 9. h3 Na5 10. Bb3 Nxb3 11. axb3 b6 12. O-O Bb7 13. Qe2 c5 14. Ne5 {1-0 (40) Shukan,E-Terreaux,G CServe email 1993}) 8... b6 9. Qe2 Bb7 10. Bd2 (10. f5 $11) 10... Re8 $2 {[%mdl 8192] [#]} (10... e6 $15 {stays ahead.}) 11. Rae1 $2 (11. Bxf7+ $1 $18 {[%mdl 512]} Kh8 (11... Kxf7 12. Ng5+) 12. Bxe8 Qxe8 13. Rae1) 11... Nbd7 $2 {[%mdl 8192] [#]} (11... e6 $11) 12. Ne5 $2 (12. Bxf7+ $1 $18 {[%mdl 512]} Kh8 (12... Kxf7 13. Qe6+) 13. Ng5) 12... e6 $1 $11 13. g4 $2 (13. Kh1 $11) 13... Nxe5 $19 14. fxe5 Nd7 $2 (14... Qd4+ $19 15. Be3 Qxe5) 15. Ne4 $2 (15. d4 $11) 15... c5 $2 ({And not} 15... Bxe5 16. Qf2 $11) (15... Nxe5 $17 {and life is bright.} 16. Bc3 Nxc4) 16. Nf6+ $2 {[%mdl 8192]} (16. Nd6 $16 {is forced if you want to stay better.} Nxe5 17. Nxb7) 16... Nxf6 $17 {White is on the road to losing.} 17. exf6 Bxf6 18. Rxf6 (18. c3 $17 {is a better defense.} Qe7 19. Bh6) 18... Qxf6 $19 19. Rf1 (19. Bc3 $142 Qh4 20. Rf1) 19... Qd4+ 20. Be3 Qxb2 21. Qf2 {[#]} f5 $1 22. gxf5 gxf5 23. Bh6 $2 (23. Qxf5 Kh8 24. Qf6+ Qxf6 25. Rxf6) 23... Kh8 {( -> ...Rg8+)} 24. h4 Rg8+ 25. Kh2 Rg2+ 26. Qxg2 Bxg2 27. Kxg2 Qxc2+ 28. Rf2 Qc3 29. Kh2 Rg8 30. Bxe6 Qe5+ {Black mates.} 31. Bf4 Qxe6 32. Be5+ Qxe5+ {Accuracy: White = 18%, Black = 46%.} 0-1

[Event "Stay Safe Play From Home 296"]
[Site "Emanuel Lasker Arena"]
[Date "2020.07.12"]
[Round "8"]
[White "Klausen"]
[Black "AChessPlayer"]
[Result "0-1"]
[WhiteElo "1784"]
[BlackElo "2437"]
[Annotator "TA"]
[PlyCount "62"]
[EventDate "2020.07.12"]
[EventType "swiss (blitz)"]

{[%evp 20,61,31,29,35,23,20,0,-3,-3,11,14,16,0,33,0,0,-5,60,-691,-698,-727,-561,-658,-655,-680,-572,-1373,-577,-2537,-2566,-2460,-2480,-29987,-29988,-29994,-29995,-29996,-29996,-29997,-29998,-29998,-29998,-29999]} 1. d4 g6 2. Nf3 Bg7 3. c4 c5 4. Nc3 cxd4 5. Nxd4 Nc6 6. e3 Nf6 7. Be2 O-O 8. O-O d6 9. b3 Bd7 10. Bb2 Nxd4 11. exd4 e5 {[#] A35: Symmetrical English: 2 Nc3 Nc6 3 Nf3.} 12. Rc1 $146 ({Predecessor:} 12. dxe5 dxe5 13. Bf3 Qc7 14. Qe2 Rfe8 15. Rfe1 a6 16. Rad1 Bc6 17. Nd5 Bxd5 18. Bxd5 Nxd5 19. Rxd5 e4 20. Bxg7 Kxg7 21. Red1 Re7 22. Qg4 Rae8 23. Rd7 Qe5 24. Rxe7 Rxe7 25. Re1 Qc3 {½-½ (25) Kastler,P (1743)-Kozinka,J (1706) Slovakia 2016}) 12... Bc6 13. Qd2 exd4 {The position is equal.} 14. Qxd4 Ne4 15. Qd3 Nc5 16. Qd2 Qh4 17. Rfd1 ({Don't blunder} 17. Qxd6 $2 Ne4 $19) 17... Bh6 $36 {[%mdl 2048] Black has some pressure.} 18. Qxd6 Bf4 (18... Bxc1 $11 19. Rxc1 Ne4 20. Nxe4 Qxe4 {[%mdl 64] Double Attack}) 19. Qxf4 $4 {[%mdl 8192] White does not recover from this.} (19. g3 $14 Bxd6 20. gxh4) 19... Qxf4 $19 20. g3 Qh6 21. Nd5 Bxd5 22. Rxd5 Ne6 23. Bf6 Rac8 24. Rh5 Qxc1+ 25. Kg2 gxh5 26. Bxh5 Rc5 {Black mates.} 27. Bxf7+ Rxf7 28. Bg7 {[#]} Qd2 $1 29. h4 Qxf2+ 30. Kh3 {[#]} Rf3 $1 {[%csl Gf2][%cal Rf3g3]} 31. h5 Qxg3# {Accuracy: White = 48%, Black = 71%.} 0-1

[Event "Stay Safe Play From Home 296"]
[Site "Emanuel Lasker Arena"]
[Date "2020.07.12"]
[Round "8"]
[White "Klasman"]
[Black "Trotsky"]
[Result "0-1"]
[WhiteElo "1324"]
[BlackElo "1577"]
[Annotator "NA RC"]
[PlyCount "50"]
[EventDate "2020.07.12"]
[EventType "swiss (blitz)"]

1. f4 {[%emt 0:00:02]} d5 {[%emt 0:00:01]} 2. Nf3 {[%emt 0:00:02]} e6 {[%emt 0:00:00]} 3. e3 {[%emt 0:00:01]} c5 {[%emt 0:00:01]} 4. c4 {[%emt 0:00:01]} Nc6 {[%emt 0:00:00]} 5. cxd5 {[%emt 0:00:01]} exd5 {[%emt 0:00:01]} 6. d4 {[%emt 0:00:01]} Be6 {[%emt 0:00:01]} 7. Bb5 {[%emt 0:00:01]} Qc7 {[%emt 0:00:01]} 8. Ne5 {[%emt 0:00:02]} Bd6 {[%emt 0:00:02]} 9. O-O {[%emt 0:00:03]} Nf6 {[%emt 0:00:01]} 10. Qa4 {[%emt 0:00:03]} O-O-O {[%emt 0:00:02]} 11. Bxc6 {[%emt 0:00:04]} Bxe5 {[%emt 0:00:06]} 12. fxe5 {[%emt 0:00:01]} Ng4 {[%emt 0:00:02]} 13. Bb5 {[%emt 0:00:05]} f6 {[%emt 0:00:02]} 14. Be2 {[%emt 0:00:01]} h5 {[%emt 0:00:02]} 15. h3 {[%emt 0:00:03]} fxe5 {[%emt 0:00:01]} 16. hxg4 {[%emt 0:00:02]} hxg4 {[%emt 0:00:01]} 17. g3 {[%emt 0:00:01]} e4 {[%emt 0:00:02]} 18. Kg2 {[%emt 0:00:02]} Rh4 {[%emt 0:00:02]} 19. Nc3 {[%emt 0:00:02]} Rh3 {[%emt 0:00:01]} 20. Rf3 {[%emt 0:00:07]} exf3+ {[%emt 0:00:02]} 21. Bxf3 {[%emt 0:00:01]} Qxg3+ {[%emt 0:00:01]} 22. Kf1 {[%emt 0:00:06]} Qxf3+ {[%emt 0:00:01]} 23. Ke1 {[%emt 0:00:02]} Rh1+ {[%emt 0:00:02]} 24. Kd2 {[%emt 0:00:01]} Bf5 {[%emt 0:00:06]} 25. Ne2 {[%emt 0:00:02]} Qe4 {[%emt 0:00:03] Time (Lag: Av=0.41s, max=0.7s) .} 0-1

[Event "Stay Safe Play From Home 296"]
[Site "Emanuel Lasker Arena"]
[Date "2020.07.12"]
[Round "8"]
[White "sadbat1122"]
[Black "W Nelles"]
[Result "0-1"]
[WhiteElo "1299"]
[BlackElo "1093"]
[Annotator "NA"]
[PlyCount "56"]
[EventDate "2020.07.12"]
[EventType "swiss (blitz)"]

1. e4 {[%emt 0:00:02]} e5 {[%emt 0:00:01]} 2. Nf3 {[%emt 0:00:01]} Nf6 {[%emt 0:00:01]} 3. Nc3 {[%emt 0:00:02]} Bc5 {[%emt 0:00:01]} 4. Bc4 {[%emt 0:00:02]} c6 {[%emt 0:00:01]} 5. O-O {[%emt 0:00:02]} d6 {[%emt 0:00:01]} 6. d3 {[%emt 0:00:02]} Bg4 {[%emt 0:00:01]} 7. h3 {[%emt 0:00:03]} Bxf3 {[%emt 0:00:02]} 8. Qxf3 {[%emt 0:00:02]} O-O {[%emt 0:00:01]} 9. Bg5 {[%emt 0:00:02]} Nbd7 {[%emt 0:00:01]} 10. Na4 {[%emt 0:00:03]} b5 {[%emt 0:00:02]} 11. Nxc5 {[%emt 0:00:02]} bxc4 {[%emt 0:00:03]} 12. Nxd7 {[%emt 0:00:02]} Qxd7 {[%emt 0:00:02]} 13. Bxf6 {[%emt 0:00:01]} gxf6 {[%emt 0:00:01]} 14. Qxf6 {[%emt 0:00:02]} Qe6 {[%emt 0:00:03]} 15. Qg5+ {[%emt 0:00:02]} Qg6 {[%emt 0:00:01]} 16. Qe3 {[%emt 0:00:02]} c5 {[%emt 0:00:03]} 17. dxc4 {[%emt 0:00:03]} f5 {[%emt 0:00:05]} 18. exf5 {[%emt 0:00:02]} Qxf5 {[%emt 0:00:01]} 19. f3 {[%emt 0:00:05]} Qf4 {[%emt 0:00:03]} 20. Qd3 {[%emt 0:00:03]} Qd4+ {[%emt 0:00:05]} 21. Qxd4 {[%emt 0:00:02]} exd4 {[%emt 0:00:01]} 22. Rfe1 {[%emt 0:00:02]} Rae8 {[%emt 0:00:02]} 23. Kf2 {[%emt 0:00:01]} Re5 {[%emt 0:00:02]} 24. Rxe5 {[%emt 0:00:04]} dxe5 {[%emt 0:00:02]} 25. Re1 {[%emt 0:00:01]} Re8 {[%emt 0:00:01]} 26. f4 {[%emt 0:00:01]} e4 {[%emt 0:00:02]} 27. Kg3 {[%emt 0:00:02]} Kf7 {[%emt 0:00:01]} 28. Kg4 {[%emt 0:00:02]} Kf6 {[%emt 0:00:01] Time (Lag: Av=0.91s, max=1.1s)} 0-1

[Event "Stay Safe Play From Home 296"]
[Site "Emanuel Lasker Arena"]
[Date "2020.07.12"]
[Round "9"]
[White "AChessPlayer"]
[Black "Chase the sun"]
[Result "1-0"]
[WhiteElo "2438"]
[BlackElo "1827"]
[Annotator "TA"]
[PlyCount "61"]
[EventDate "2020.07.12"]
[EventType "swiss (blitz)"]

{[%evp 13,61,38,58,3,0,0,31,0,120,114,272,242,237,237,263,270,280,281,275,222,242,40,282,287,495,499,501,475,529,546,541,504,606,597,679,642,824,670,647,654,1502,1396,2033,2087,1306,1192,29985,29986,3383,880]} 1. d4 e6 2. Nf3 f5 3. g3 Nf6 4. Bg2 Be7 5. O-O O-O 6. c4 Qe8 7. Nc3 d6 8. d5 {A97: Classical Dutch: Fluid Systems: 7 Nc3 Qe8.} (8. Qc2 $14) 8... e5 $11 9. e4 Qh5 10. Nd2 {[#] White is slightly better.} Ng4 $146 (10... Qg6 $11 {remains equal.}) ({Predecessor:} 10... Qg6 11. exf5 Bxf5 12. f3 Nbd7 13. Nde4 Nxe4 14. Nxe4 Nf6 15. Nf2 h5 16. Be3 a5 {½-½ (53) Puchala,J (2300)-Vager,B (2290) Polanica Zdroj 1994}) 11. h3 $16 Nd7 $2 (11... f4 $16) 12. exf5 Ndf6 13. Nde4 ({Don't do} 13. hxg4 $6 Nxg4 14. Re1 (14. Nf3 Bxf5 15. Re1 Bg6 $14) 14... Qh2+ 15. Kf1 Bxf5 $16) 13... Bxf5 14. Nxf6+ Rxf6 15. hxg4 Bxg4 16. Qd3 Raf8 17. f4 $2 (17. Ne4 $18) 17... exf4 $2 (17... g5 $14) 18. Bxf4 $18 Rxf4 $2 (18... R6f7 19. Rf2 Bg5) 19. Rxf4 ({Less strong is} 19. gxf4 Bh4 $18) 19... Rxf4 20. gxf4 Bh4 21. Qe3 h6 22. Rf1 Kh7 23. Be4+ g6 24. Bf3 Bg3 {[%csl Gg3][%cal Rh5h2] [#]} 25. Qe2 Bxf3 26. Rxf3 {Black must now prevent Qe7+.} Qg4 27. Qg2 h5 28. Rxg3 Qxf4 29. Rxg6 {[#] Intending Rg7+ and mate.} Qc1+ 30. Kh2 Qf4+ 31. Rg3 {Accuracy: White = 63%, Black = 26%.} 1-0

[Event "Stay Safe Play From Home 296"]
[Site "Emanuel Lasker Arena"]
[Date "2020.07.12"]
[Round "9"]
[White "SoulofWolf"]
[Black "Broken sword"]
[Result "1-0"]
[WhiteElo "2197"]
[BlackElo "2440"]
[Annotator "TA"]
[PlyCount "117"]
[EventDate "2020.07.12"]
[EventType "swiss (blitz)"]

{[%evp 9,117,-75,-68,-87,-80,-81,-75,-81,-39,-93,-65,-102,-78,-78,-77,-96,-41,-64,-51,-141,208,209,200,128,154,31,56,0,11,-18,-29,-181,-192,-187,18,18,20,23,163,84,117,2,102,7,16,-70,-62,-122,-127,-658,-656,-647,-637,-636,-507,-684,-684,-670,-602,-595,-579,-725,-699,-903,-912,-1852,-1782,-29990,-1167,-1132,-1132,-1075,2325,2309,2284,2284,2025,542,29968,29969,29968,29968,29972,29974,29974,29973,29978,29978,29978,29979,29984,29980,29988,29980,29979,29977,29976,0,29975,29977,29978,29977,29977,29977,29979,29978,29979,29979,29983,29978]} 1. Nf3 d5 2. b4 e6 3. c4 Bxb4 4. e3 {[#]} Nc6 $146 ({Predecessor:} 4... Be7 5. Bb2 Bf6 6. d4 Ne7 7. Bd3 dxc4 8. Qa4+ Bd7 9. Qxc4 b5 10. Qc2 Bc6 {1-0 (24) Herreros Angrill,J (1936)-Crusats Mir,J (1800) Barcelona 2011}) 5. Bb2 Nf6 6. a3 {A00: Irregular Openings.} Be7 7. d4 O-O 8. Nbd2 {Black is better.} Re8 9. c5 (9. Qc2 $15) 9... Ne4 10. Bb5 Nxd2 11. Qxd2 Bd7 12. O-O {[#]} Bf6 (12... Ne5 $1 $17 {[%mdl 512]} 13. Be2 (13. dxe5 Bxb5) 13... Nxf3+ 14. Bxf3 b6) 13. Rac1 a6 14. Ba4 (14. Bd3 $15) 14... b5 $2 {[%mdl 8192]} (14... Nxd4 $1 $17 {keeps the pressure on.} 15. Bxd7 Nxf3+ 16. gxf3 Qxd7 17. Bxf6 gxf6) 15. cxb6 $1 $18 Ne7 16. bxc7 Qc8 17. Bc2 (17. Qa5 $16) 17... Qb7 18. Qd3 g6 19. Ba1 Bb5 20. Qd2 $2 (20. Qb3 $1 $11 {and White has nothing to worry.}) 20... Bxf1 $19 21. Kxf1 Rac8 $2 ({Less strong is} 21... Qxc7 22. Ba4 $11) (21... Rec8 $19 22. Bc3 Qxc7) 22. Ba4 $11 Rf8 23. Qc2 $36 {[%mdl 2048] Black is under pressure.} Qb6 (23... Nf5 $11) 24. h3 ({Better is} 24. Ne5 $18 {Nd7 is the strong threat.} Bxe5 25. dxe5) 24... Nf5 25. Bd7 (25. Ne5 $1 $16 {[%cal Re5d7] And now Nd7 would win.} Bxe5 26. dxe5) 25... Nd6 {[#]} (25... Be7 $11 {remains equal.}) 26. Bxc8 (26. Qc5 $1 $16 {[%cal Rc5b6]} Qxc5 27. Rxc5) 26... Rxc8 27. Bb2 (27. Qc6 $11 Qb5+ 28. Qxb5 Nxb5 29. a4 Rxc7 30. Rxc7 Nxc7 31. Bc3) 27... Nc4 $15 28. Ba1 (28. Nd2 $15) 28... Rxc7 {aiming for ...Nxe3+!} 29. Nd2 $2 {[%mdl 8192] [#]} (29. Ke2 $17) 29... Nxe3+ $1 $19 {[%mdl 512]} 30. fxe3 Rxc2 31. Rxc2 Qa5 32. Kf2 Qxa3 33. Bc3 Qa4 34. Rc1 Bg5 35. Ke2 Qb5+ 36. Kd1 Qd3 37. e4 dxe4 {( -> ...e3)} 38. Ke1 Bxd2+ (38... Bh4+ $142 39. g3 Bxg3+ 40. Kd1 e3 {[%mdl 64] Pin} 41. Rc2 e2+ 42. Kc1 e1=Q+ 43. Kb2 Qd1 44. Rc1 Qb5+ 45. Bb4 Qxb4+ {[%mdl 64] Double Attack} 46. Nb3 Qdxb3+ 47. Ka1 Qb2#) 39. Bxd2 {[%mdl 4096] Endgame KQ-KRB} e3 ({Don't go for} 39... Qxd4 $2 40. Rc8+ Kg7 41. Bc3 $18) 40. Bb4 Qxd4 $4 {[%mdl 8192]} (40... Qf5 $19 41. Kd1 {[#]} e2+ $1 {[%mdl 512]} 42. Ke1 Qf1+ {[%mdl 64] Double Attack} 43. Kd2 Qf4+ 44. Kc2 e5) 41. Rc8+ $18 Kg7 42. Bc3 Qxc3+ 43. Rxc3 {KR-KP} f5 44. Rxe3 Kf6 45. Ra3 e5 46. Ke2 a5 47. Kd3 e4+ 48. Kd4 Kg5 49. Rxa5 h5 50. Ra2 h4 51. Ke3 Kf6 52. Kf2 Ke5 53. Ke3 $2 (53. Ra6 {mates} g5 54. Rg6 Kf4 55. Re6 g4 56. Re8 e3+ 57. Rxe3 Kg5 58. Re6) 53... f4+ $2 {[%mdl 8192]} (53... Kf6 $11 54. Ra6+ Kg7) 54. Ke2 {White mates.} g5 55. Ra5+ Kf6 56. Ra4 e3 57. Ra6+ Kf5 58. Ra5+ Ke4 59. Ra4+ {White used his chance. Accuracy: White = 38%, Black = 50%.} 1-0

[Event "Stay Safe Play From Home 296"]
[Site "Emanuel Lasker Arena"]
[Date "2020.07.12"]
[Round "9"]
[White "Klausen"]
[Black "sadbat1122"]
[Result "1-0"]
[WhiteElo "1783"]
[BlackElo "1273"]
[Annotator "NA"]
[PlyCount "61"]
[EventDate "2020.07.12"]
[EventType "swiss (blitz)"]

1. f4 {[%emt 0:00:03]} e6 {[%emt 0:00:01]} 2. Nf3 {[%emt 0:00:01]} d5 {[%emt 0:00:01]} 3. d3 {[%emt 0:00:01]} c5 {[%emt 0:00:01]} 4. g3 {[%emt 0:00:01]} b6 {[%emt 0:00:01]} 5. Bg2 {[%emt 0:00:01]} Bb7 {[%emt 0:00:01]} 6. O-O {[%emt 0:00:02]} Nc6 {[%emt 0:00:02]} 7. c3 {[%emt 0:00:01]} Qc7 {[%emt 0:00:02]} 8. Qc2 {[%emt 0:00:01]} f6 {[%emt 0:00:02]} 9. e4 {[%emt 0:00:01]} O-O-O {[%emt 0:00:03]} 10. Be3 {[%emt 0:00:02]} d4 {[%emt 0:00:02]} 11. cxd4 {[%emt 0:00:02]} cxd4 {[%emt 0:00:01]} 12. Bf2 {[%emt 0:00:01]} e5 {[%emt 0:00:01]} 13. fxe5 {[%emt 0:00:03]} fxe5 {[%emt 0:00:02]} 14. Ng5 {[%emt 0:00:01]} Nh6 {[%emt 0:00:02]} 15. Ne6 {[%emt 0:00:02]} Qd7 {[%emt 0:00:04]} 16. Nxd8 {[%emt 0:00:01]} Qxd8 {[%emt 0:00:03]} 17. Nd2 {[%emt 0:00:01]} Bd6 {[%emt 0:00:02]} 18. Nc4 {[%emt 0:00:01]} Qd7 {[%emt 0:00:03]} 19. Rac1 {[%emt 0:00:03]} Kb8 {[%emt 0:00:02]} 20. a3 {[%emt 0:00:02]} b5 {[%emt 0:00:02]} 21. Nd2 {[%emt 0:00:02]} a6 {[%emt 0:00:03]} 22. b4 {[%emt 0:00:01]} Rc8 {[%emt 0:00:03]} 23. Qb3 {[%emt 0:00:01]} Qg4 {[%emt 0:00:03]} 24. Nf3 {[%emt 0:00:02]} Ne7 {[%emt 0:00:04]} 25. Rxc8+ {[%emt 0:00:02]} Nxc8 {[%emt 0:00:02]} 26. h3 {[%emt 0:00:01]} Qg6 {[%emt 0:00:02]} 27. g4 {[%emt 0:00:02]} Qe8 {[%emt 0:00:02]} 28. Nh4 {[%emt 0:00:02]} Nf7 {[%emt 0:00:02]} 29. Nf5 {[%emt 0:00:01]} g6 {[%emt 0:00:01]} 30. Nxd6 {[%emt 0:00:01]} Nfxd6 {[%emt 0:00:02]} 31. Bg3 {[%emt 0:00:00] Time (Lag: Av=0.84s, max=5.1s)} 1-0

[Event "Stay Safe Play From Home 296"]
[Site "Emanuel Lasker Arena"]
[Date "2020.07.12"]
[Round "9"]
[White "Konmos"]
[Black "Klasman"]
[Result "1-0"]
[WhiteElo "1782"]
[BlackElo "1317"]
[Annotator "NA RC"]
[PlyCount "57"]
[EventDate "2020.07.12"]
[EventType "swiss (blitz)"]

1. f4 {[%emt 0:00:01]} f5 {[%emt 0:00:02]} 2. Nf3 {[%emt 0:00:00]} Nf6 {[%emt 0:00:01]} 3. e3 {[%emt 0:00:00]} e6 {[%emt 0:00:01]} 4. d4 {[%emt 0:00:01]} d5 {[%emt 0:00:01]} 5. Ne5 {[%emt 0:00:01]} c5 {[%emt 0:00:02]} 6. c3 {[%emt 0:00:01]} Nc6 {[%emt 0:00:01]} 7. Be2 {[%emt 0:00:01]} Bd6 {[%emt 0:00:03]} 8. O-O {[%emt 0:00:00]} O-O {[%emt 0:00:02]} 9. Kh1 {[%emt 0:00:01]} Ne4 {[%emt 0:00:01]} 10. g4 {[%emt 0:00:02]} Qh4 {[%emt 0:00:03]} 11. Qe1 {[%emt 0:00:05]} Qxe1 {[%emt 0:00:06]} 12. Rxe1 {[%emt 0:00:04]} c4 {[%emt 0:00:02]} 13. gxf5 {[%emt 0:00:02]} Rf7 {[%emt 0:00:05]} 14. Nxf7 {[%emt 0:00:04]} Kxf7 {[%emt 0:00:02]} 15. Nd2 {[%emt 0:00:01]} exf5 {[%emt 0:00:02]} 16. Nxe4 {[%emt 0:00:01]} fxe4 {[%emt 0:00:02]} 17. Bd2 {[%emt 0:00:01]} Ne7 {[%emt 0:00:01]} 18. Rg1 {[%emt 0:00:01]} g6 {[%emt 0:00:02]} 19. Rg5 {[%emt 0:00:00]} Nf5 {[%emt 0:00:02]} 20. Rag1 {[%emt 0:00:03]} Be6 {[%emt 0:00:02]} 21. Bg4 {[%emt 0:00:01]} Be7 {[%emt 0:00:02]} 22. Bxf5 {[%emt 0:00:03]} Bxf5 {[%emt 0:00:03]} 23. R5g2 {[%emt 0:00:03]} h5 {[%emt 0:00:01]} 24. Be1 {[%emt 0:00:02]} a5 {[%emt 0:00:02]} 25. b3 {[%emt 0:00:02]} cxb3 {[%emt 0:00:05]} 26. axb3 {[%emt 0:00:00]} b5 {[%emt 0:00:01]} 27. Ra2 {[%emt 0:00:02]} a4 {[%emt 0:00:01]} 28. Bd2 {[%emt 0:00:04]} a3 {[%emt 0:00:02]} 29. Rc1 {[%emt 0:00:03] Time (Lag: Av=0.73s, max=3.2s)} 1-0

[Event "Stay Safe Play From Home 296"]
[Site "Emanuel Lasker Arena"]
[Date "2020.07.12"]
[Round "9"]
[White "Psj008"]
[Black "Physikus"]
[Result "0-1"]
[WhiteElo "1702"]
[BlackElo "2081"]
[Annotator "NA"]
[PlyCount "72"]
[EventDate "2020.07.12"]
[EventType "swiss (blitz)"]

1. d4 {[%emt 0:00:01]} Nf6 {[%emt 0:00:02]} 2. c4 {[%emt 0:00:01]} g6 {[%emt 0:00:00]} 3. Nc3 {[%emt 0:00:01]} Bg7 {[%emt 0:00:00]} 4. e4 {[%emt 0:00:01]} O-O {[%emt 0:00:00]} 5. Nf3 {[%emt 0:00:02]} c6 {[%emt 0:00:01]} 6. Be2 {[%emt 0:00:01]} e6 {[%emt 0:00:00]} 7. O-O {[%emt 0:00:01]} d5 {[%emt 0:00:00]} 8. cxd5 {[%emt 0:00:02]} exd5 {[%emt 0:00:01]} 9. e5 {[%emt 0:00:00]} Ne4 {[%emt 0:00:01]} 10. Qc2 {[%emt 0:00:03]} f5 {[%emt 0:00:01]} 11. exf6 {[%emt 0:00:02]} Nxf6 {[%emt 0:00:01]} 12. Bg5 {[%emt 0:00:02]} Nbd7 {[%emt 0:00:01]} 13. Ne5 {[%emt 0:00:01]} Qc7 {[%emt 0:00:01]} 14. f4 {[%emt 0:00:02]} a6 {[%emt 0:00:05]} 15. a4 {[%emt 0:00:03]} Re8 {[%emt 0:00:02]} 16. Rae1 {[%emt 0:00:02]} Nf8 {[%emt 0:00:00]} 17. h4 {[%emt 0:00:05]} Bf5 {[%emt 0:00:01]} 18. Bd3 {[%emt 0:00:02]} Bxd3 {[%emt 0:00:01]} 19. Qxd3 {[%emt 0:00:00]} b5 {[%emt 0:00:02]} 20. axb5 {[%emt 0:00:02]} axb5 {[%emt 0:00:00]} 21. h5 {[%emt 0:00:03]} Nxh5 {[%emt 0:00:02]} 22. Nxg6 {[%emt 0:00:03]} hxg6 {[%emt 0:00:01]} 23. Qxg6 {[%emt 0:00:00]} Qf7 {[%emt 0:00:00]} 24. Qxc6 {[%emt 0:00:06]} Rxe1 {[%emt 0:00:01]} 25. Rxe1 {[%emt 0:00:02]} Rb8 {[%emt 0:00:03]} 26. Nxd5 {[%emt 0:00:01]} Bxd4+ {[%emt 0:00:03]} 27. Kh1 {[%emt 0:00:05]} Ng3+ {[%emt 0:00:01]} 28. Kh2 {[%emt 0:00:04]} Bf2 {[%emt 0:00:01]} 29. Nf6+ {[%emt 0:00:02]} Kh8 {[%emt 0:00:06]} 30. Qc2 {[%emt 0:00:00]} Bxe1 {[%emt 0:00:02]} 31. Qh7+ {[%emt 0:00:00]} Qxh7+ {[%emt 0:00:01]} 32. Nxh7 {[%emt 0:00:00]} Kxh7 {[%emt 0:00:01]} 33. Bf6 {[%emt 0:00:00]} Nf1+ {[%emt 0:00:02]} 34. Kh3 {[%emt 0:00:01]} Nd7 {[%emt 0:00:00]} 35. Kg4 {[%emt 0:00:00]} Nxf6+ {[%emt 0:00:01]} 36. Kf5 {[%emt 0:00:01]} Rf8 {[%emt 0:00:00] Time (Lag: Av=0.95s, max=4.7s)} 0-1

[Event "Stay Safe Play From Home 296"]
[Site "Emanuel Lasker Arena"]
[Date "2020.07.12"]
[Round "9"]
[White "Trotsky"]
[Black "Mepe_Nika"]
[Result "0-1"]
[WhiteElo "1583"]
[BlackElo "2399"]
[Annotator "TA"]
[PlyCount "48"]
[EventDate "2020.07.12"]
[EventType "swiss (blitz)"]

{[%evp 9,48,7,6,-12,0,-8,-3,-95,-91,-201,-173,-188,-185,-263,-248,-264,-200,-368,-363,-360,-281,-569,-546,-783,-661,-1584,-1028,-29985,-29986,-29993,-29990,-29991,-29992,-29992,-29993,-29993,-29994,-29994,-29995,-29998,-29999]} 1. d4 g6 2. e3 Bg7 3. c4 c5 4. Nc3 cxd4 5. exd4 Nf6 6. Be3 {A40: Unusual replies to 1 d4.} O-O 7. Bd3 d5 {[#]} 8. Qc2 $146 {[#]} (8. Nf3 $11 {keeps the balance.}) ({Predecessor:} 8. Nge2 Nc6 9. Qc2 Nb4 10. Qd2 Nxd3+ 11. Qxd3 Bf5 12. Qd2 dxc4 13. Na4 b6 14. Ng3 {0-1 (39) Palomino,R-Gutierrez Hernandez,J (1817) Medellin 2017}) 8... Nc6 $1 $17 9. a3 (9. Nf3 $17) 9... dxc4 $19 10. Bxc4 Nxd4 11. Bxd4 (11. Qd2 {keeps fighting.} Ng4 12. Rd1 Nxe3 13. fxe3) 11... Qxd4 12. Bd3 Bg4 13. f3 $2 (13. Nge2 Qb6 14. Rd1) 13... Be6 14. Nge2 Qe3 15. g4 $2 (15. Qd2 Qxd2+ 16. Kxd2) 15... Rac8 {Hoping for ...Rfd8.} 16. h4 Nd5 {aiming for ...Rxc3.} 17. h5 Nxc3 18. bxc3 Bxc3+ {[%mdl 64] Double Attack. Black mates.} 19. Kd1 Bxa1 20. hxg6 Rxc2 {[%csl Gc2][%cal Re3d2]} 21. gxf7+ Rxf7 {[%csl Gc2][%cal Re3d2]} 22. Kxc2 {[#]} Bb3+ $1 {[%mdl 64] Deflection, Decoy} 23. Kxb3 Qxd3+ 24. Ka4 Qc4+ {Black took control after the opening. Accuracy: White = 19%, Black = 63%.} 0-1